The will to survive : a history of Hungary /

Bibliographic Details
Main Author: Cartledge, Bryan, Sir
Format: Book
Language:English
Published: New York : Columbia University Press, [2011]
Subjects:

MARC

Tag First Indicator Second Indicator Subfields
LEADER 00000cam a2200000 a 4500
001 in00002783378
005 20150922150504.0
008 101119s2011 nyubf b 001 0 eng
010 |a  2010047008 
020 |a 9780231702249 (hbk. : alk. paper) 
020 |a 0231702248 (hbk. : alk. paper) 
020 |a 0231702256 
020 |a 9780231702256 
035 |a (OCoLC)ocn683592728 
040 |a DLC  |c DLC  |d UtOrBLW 
043 |a e-hu--- 
049 |a TXAM 
050 0 0 |a DB925  |b .C374 2011 
082 0 0 |a 943.9  |2 22 
100 1 |a Cartledge, Bryan,  |c Sir. 
245 1 4 |a The will to survive :  |b a history of Hungary /  |c Bryan Cartledge. 
264 1 |a New York :  |b Columbia University Press,  |c [2011] 
264 4 |c ©2011 
300 |a xxiv, 604 pages, 16 unnumbered pages of plates :  |b color maps ;  |c 25 cm. 
336 |a text  |b txt  |2 rdacontent 
337 |a unmediated  |b n  |2 rdamedia 
338 |a volume  |b nc  |2 rdacarrier 
504 |a Includes bibliographical references and index. 
505 0 |a Pt. 1. The medieval kingdom. The Magyars (400 BC-AD 1000) -- The young Hungarian state (1000-1301) -- Hungary ascendant (1301-1444) -- From light into darkness (1444-1526) -- pt. 2. The Habsburg Kingdom. Hungary divided (1526-1711) -- The struggle for independence (1547-1711) -- Habsburg rule and national awakening (1711-1825) -- Reform, language and nationality (1825-43) -- Opposition, revolution and war (1844-49) -- The politics of compromise and dualism (1849-1906) -- Economic advance in a troubled society (1850-1913) -- War and revolution (1906-19) -- pt. 3. Triple tragedy and rebirth. The road to Trianon (1914-20) -- Horthy's Hungary (1920-42) -- The Faustian Pact I : the prize (1936-41) -- The Faustian Pact II : the price (1941-45) -- Two false dawns (1945-56) -- Revolution (1956) -- The second compromise (1956-88) -- Round table revolution and democratic Hungary (1988-2000) -- Appendix 1 : The Árpád Kings of Hungary -- The Angevin & Jagiellonian Kings of Hungary -- The Habsburg Kings of Hungary -- Appendix 2 : A note on Hungarian pronunciation -- Appendix 3 : Hungarian place names. 
651 0 |a Hungary  |x History. 
945 |a PromptCat  |b 108289 
946 |a stk 
947 |a A14835930318 
948 |a cataloged  |b h  |c 2012/12/3  |d c  |e dmitchel  |f 4:30:20 pm 
994 |a 92  |b TXA 
999 |a MARS 
999 f f |s d3cbb73c-b2ea-352b-a991-61b321ae7674  |i 6da7cdc4-bd70-3def-b6d1-c4cb09d0dde8  |t 0 
952 f f |p normal  |a Texas A&M University  |b College Station  |c Sterling C. Evans Library  |s Evans stk  |d Evans: Library Stacks  |t 0  |e DB925 .C374 2011  |h Library of Congress classification  |i unmediated -- volume  |m A14835930318 
998 f f |a DB925 .C374 2011  |t 0  |l Evans: Library Stacks